I značkové výrobky potřebují reklamu nové formy propagace ve společnosti ETA Hlinsko
Tradícia značky ETA. Dva spôsoby zvýšenia predaja výrobkov ETA. Rast podielu na trhu.
Guardado en:
| Formato: | Capítulo de libro |
|---|---|
| Lenguaje: | checo |
| Materias: | |
| Etiquetas: |
Sin Etiquetas, Sea el primero en etiquetar este registro!
|
MARC
| LEADER | 00000naa a2200000 4500 | ||
|---|---|---|---|
| 001 | r043381 | ||
| 005 | 20230522105647.7 | ||
| 041 | 0 | |a cze | |
| 044 | |a CZ | ||
| 245 | 1 | 0 | |a I značkové výrobky potřebují reklamu |b nové formy propagace ve společnosti ETA Hlinsko |
| 520 | |a Tradícia značky ETA. Dva spôsoby zvýšenia predaja výrobkov ETA. Rast podielu na trhu. | ||
| 610 | 2 | 0 | |a podpora predaja |
| 610 | 2 | 0 | |a marketing |
| 610 | 2 | 0 | |a reklama |
| 610 | 2 | 0 | |a trh kupujúceho |
| 610 | 2 | 0 | |a trh odbytový |
| 610 | 2 | 0 | |a ETA |
| 610 | 2 | 0 | |a Česko |